| Tag |
First Indicator |
Second Indicator |
Subfields |
| LEADER |
00000nam a2200000Ia 4500 |
| 001 |
in00004186589 |
| 005 |
20200810073011.0 |
| 006 |
m g d |
| 007 |
cr bn |||a|bb| |
| 008 |
850702s1649 enk o 00| | eng d |
| 035 |
|
|
|a (OCoLC)12226927
|
| 040 |
|
|
|a EAA
|c EAA
|d m/c
|d WaOLN
|
| 037 |
|
|
|a CL0037000004
|b ProQuest Information and Learning. 300 N. Zeeb Rd., Ann Arbor, MI 48106
|
| 043 |
|
|
|a e-uk---
|
| 049 |
|
|
|a UMIA
|
| 100 |
1 |
|
|a Philodemius, Eleutherius.
|
| 245 |
1 |
4 |
|a The armies vindication ... :
|b in reply to Mr. William Sedgwick /
|c published for the kingdomes satisfaction by Eleutherius Philodemius.
|
| 260 |
|
|
|a [London] :
|b Printed for Peter Cole ...,
|c 1649.
|
| 300 |
|
|
|a 1 online resource ([8], 64 pages)
|
| 336 |
|
|
|a text
|b txt
|2 rdacontent
|
| 337 |
|
|
|a computer
|b c
|2 rdamedia
|
| 338 |
|
|
|a online resource
|b cr
|2 rdacarrier
|
| 500 |
|
|
|a Place of publication from Wing.
|
| 500 |
|
|
|a Reproduction of original in Huntington Library.
|
| 510 |
4 |
|
|a Wing
|c A3718
|
| 533 |
|
|
|a Electronic reproduction.
|b Ann Arbor, Mich. :
|c UMI,
|d 1999-
|f (Early English books online)
|n Digital version of: (Early English books, 1641-1700 ; 118:13)
|7 s1999 miun s
|
| 600 |
1 |
0 |
|a Sedgwick, William,
|d 1609 or 10-1669?
|t Second view of the army remonstrance.
|
| 651 |
|
0 |
|a Great Britain
|x History
|y Civil War, 1642-1649.
|
| 650 |
|
0 |
|a Divine right of kings.
|
| 830 |
|
0 |
|a Early English books online.
|
| 856 |
4 |
0 |
|u http://proxy.library.tamu.edu/login?url=https://search.proquest.com/docview/2240930714
|z Connect to the full text of this electronic book
|t 0
|
| 999 |
f |
f |
|s 3759948c-b55d-32ea-bfa1-be4ab657467a
|i 9bc1e441-827a-37f5-b35a-0757fd82a7d6
|t 0
|
| 952 |
f |
f |
|a Texas A&M University
|b College Station
|c Electronic Resources
|d Available Online
|t 0
|h No information provided
|
| 998 |
f |
f |
|t 0
|l Available Online
|